[Event "Alassio West End op 2nd"]
[Site "Alassio"]
[Date "2016.10.02"]
[Round "4"]
[White "Novaria, Ivan"]
[Black "Petrini, Alberto"]
[Result "1/2-1/2"]
[WhiteElo "1769"]
[BlackElo "1919"]
[PlyCount "125"]
[EventDate "2016.09.30"]
[EventType "swiss"]
[EventRounds "5"]
[EventCountry "ITA"]
[SourceTitle "EXT 2018"]
[Source "ChessBase"]
[SourceDate "2017.10.13"]
[SourceVersion "1"]
[SourceVersionDate "2017.10.13"]
[SourceQuality "1"]

1. e4 e5 2. Nf3 Nc6 3. Bc4 Nf6 4. Ng5 d5 5. exd5 Na5 6. Bb5+ c6 7. dxc6 bxc6 8. Be2 h6 9. Nf3 e4 10. Ne5 Bc5 11. c3 Bd6 12. d4 exd3 13. Nxd3 Qc7 14. h3 0-0 15. 0-0 Bf5 16. Nd2 Rad8 17. Nf3 c5 18. b3 c4 19. bxc4 Nxc4 20. Nd4 Bd7 21. Bf3 Nb6 22. Bd2 Nc4 23. Rb1 Nxd2 24. Qxd2 Rb8 25. Nb4 Rb6 26. Nd5 Nxd5 27. Bxd5 Bf4 28. Qd3 Rfb8 29. Rxb6 Rxb6 30. Re1 Rb8 31. Re7 Qd6 32. Qe4 Qxe7 33. Qxf4 Re8 34. c4 Qe1+ 35. Kh2 Qe5 36. Qxe5 Rxe5 37. Bf3 Be6 38. Nc6 Rc5 39. Nxa7 Rxc4 40. Nb5 Ra4 41. a3 Bd7 42. Nd6 Rxa3 43. Nc4 Ra2 44. Kg1 Be6 45. Ne3 Kf8 46. h4 Ke7 47. g4 Kf6 48. Kg2 Ra3 49. Kg3 g5 50. hxg5+ hxg5 51. Kg2 Rb3 52. Bc6 Ke5 53. Kg3 f6 54. Bf3 Rc3 55. Bg2 Bd7 56. Bf3 Bc6 57. Be2 Be4 58. Bb5 Bc6 59. Be2 Ra3 60. Bc4 Kd4 61. Be2 Be4 62. Bb5 Rb3 63. Be2 1/2-1/2

[Event "Alassio West End op 2nd"]
[Site "Alassio"]
[Date "2016.09.30"]
[Round "1"]
[White "Petrini, Alberto"]
[Black "Camagna, Ivan"]
[Result "1-0"]
[WhiteElo "1919"]
[BlackElo "1587"]
[PlyCount "73"]
[EventDate "2016.09.30"]
[EventType "swiss"]
[EventRounds "5"]
[EventCountry "ITA"]
[SourceTitle "EXT 2018"]
[Source "ChessBase"]
[SourceDate "2017.10.13"]
[SourceVersion "1"]
[SourceVersionDate "2017.10.13"]
[SourceQuality "1"]

1. d4 Nf6 2. c4 g6 3. f3 Bg7 4. e4 0-0 5. Nc3 d6 6. Be3 e5 7. Nge2 h6 8. Qd2 Kh7 9. 0-0-0 a5 10. dxe5 Ng8 11. exd6 c6 12. c5 Nd7 13. Bd4 a4 14. Bxg7 Kxg7 15. Qd4+ f6 16. Nf4 Re8 17. Nd3 Ra5 18. f4 h5 19. Be2 Nf8 20. a3 Be6 21. Rhe1 Nh6 22. h3 Bb3 23. Rd2 Ne6 24. Qb4 Qa8 25. Bd1 Bxd1 26. Rexd1 Qa7 27. Kb1 Nxc5 28. Nxc5 Rxc5 29. d7 Rd8 30. Nxa4 Rb5 31. Qe7+ Nf7 32. Nc3 Rb3 33. Ka2 Qb6 34. Qe6 Rxa3+ 35. bxa3 Qa5 36. Qb3 b5 37. Qb4 1-0

[Event "Nichelino Berruto Memorial 19th"]
[Site "Nichelino"]
[Date "2016.02.19"]
[Round "2"]
[White "Petrini, Alberto"]
[Black "Bosetti, Roberto"]
[Result "1/2-1/2"]
[WhiteElo "1920"]
[BlackElo "1771"]
[PlyCount "37"]
[EventDate "2016.02.12"]
[EventType "swiss"]
[EventRounds "6"]
[EventCountry "ITA"]
[SourceTitle "EXT 2018"]
[Source "ChessBase"]
[SourceDate "2017.10.13"]
[SourceVersion "1"]
[SourceVersionDate "2017.10.13"]
[SourceQuality "1"]

1. d4 Nf6 2. c4 g6 3. f3 d6 4. e4 Bg7 5. Nc3 0-0 6. Be3 Nc6 7. Nge2 e5 8. d5 Ne7 9. Qd2 Nd7 10. Ng3 a5 11. Bd3 Nc5 12. Bc2 f5 13. exf5 Nxf5 14. Nxf5 Bxf5 15. 0-0 Bxc2 16. Qxc2 Qh4 17. Ne4 Nxe4 18. Qxe4 Qxe4 19. fxe4 1/2-1/2

[Event "Nichelino op 11th"]
[Site "Nichelino"]
[Date "2010.09.30"]
[Round "1"]
[White "Di Chiara, Mauro"]
[Black "Petrini, Alberto"]
[Result "1/2-1/2"]
[WhiteElo "1949"]
[BlackElo "1711"]
[PlyCount "37"]
[EventDate "2010.09.30"]
[EventType "swiss"]
[EventRounds "6"]
[EventCountry "ITA"]
[SourceTitle "EXT 2024"]
[Source "ChessBase"]
[SourceDate "2023.10.10"]
[SourceVersion "1"]
[SourceVersionDate "2023.10.10"]
[SourceQuality "1"]

1. Nf3 Nf6 2. d4 g6 3. Nc3 d5 4. Bf4 c6 5. e4 dxe4 6. Ng5 Bg7 7. Bc4 0-0 8. Qd2 h6 9. Ngxe4 Nxe4 10. Nxe4 Qxd4 11. Qxd4 Bxd4 12. Bxh6 Bg7 13. Bxg7 Kxg7 14. 0-0-0 Nd7 15. f4 Nf6 16. Rhe1 Bg4 17. Rd2 Rad8 18. Nxf6 Kxf6 19. h3 1/2-1/2